| 000 | 00545nam a2200205 a 4500 | ||
|---|---|---|---|
| 005 | 20210223125053.0 | ||
| 008 | 030815s2000 mx r 000 0 spa d | ||
| 020 | _a8436813618 | ||
| 035 | _aUPN01000127958 | ||
| 049 | _aCG | ||
| 050 | 4 |
_aRC552 A4.4 _bB3.2 |
|
| 100 | 1 |
_aBados López, Arturo _933997 |
|
| 245 | 1 | 0 |
_aAgorafobia y ataques de pánico / _cArturo Bados López. |
| 260 |
_aMadrid : _bPirámide, _cc2000. |
||
| 300 | _a364 p. | ||
| 440 | 0 | _aPsicología | |
| 650 | 4 |
_aAGORAFOBIA _9197 |
|
| 650 | 4 |
_aPANICO _927343 |
|
| 905 | _aLibro | ||
| 999 |
_c100137 _d100137 |
||